000 01334cam a2200313 a 4500
999 _c7984
_d7984
001 15614084
003 OSt
005 20200130144816.0
008 090205s2010 njua b 001 0 eng
010 _a 2009005336
020 _a9788131764022
020 _a0132234378 (alk. paper)
040 _aDLC
_cDLC
_dDLC
050 0 0 _aTK5105.59
_b.C3655 2010
082 0 0 _a005.8
_222
_bCAR/M
100 1 _aCarr, Houston H.,
_d1937-
_91668
245 1 4 _aThe management of network security :
_btechnology, design, and management control /
_cHouston H. Carr, Charles A. Snyder, and Bliss N. Bailey.
260 _aUpper Saddle River, N.J. :
_bPrentice Hall,
_c2010.
300 _axxv, 380 p. :
_bill. ;
_c23 cm.
504 _aIncludes bibliographical references and index.
650 0 _aComputer networks
_xSecurity measures.
650 0 _aComputer networks
_xSecurity measures
_xManagement.
650 0 _aComputer security
_xManagement.
700 1 _aSnyder, Charles A.
_91669
700 1 _aBailey, Bliss N.
_91670
906 _a7
_bcbc
_corignew
_d1
_eecip
_f20
_gy-gencatlg
942 _2ddc
_cBK
_h005.8
_iCAR/M
_k005.8
_mCAR/M